000 01778nam a2200481 i 4500
001 14394
003 KOSZ 005
005 20200406154329.0
008 080830s1956 pl a f 001 0 pol
015 _aPB 1956/7138
035 _a991044273949705066
035 _a(PL-WaBN)b22017707-48omnis_nlop
035 _ab22017707
035 _a(OCoLC)69512707
035 _a(PL)b0000002201770
035 _a(EXLNZ-48OMNIS_NETWORK)9910265306705606
040 _aWA N
_cWA N
_dKOSZ 005/RW
041 1 _apol
_hger
046 _k1956
080 _a513+516
100 1 _aHilbert, David
_d(1862-1943).
_eAutor
245 1 0 _aGeometria poglądowa /
_cD. Hilbert, S. Cohn-Vossen ; [tłumaczenie Alina Dawidowicz ; rysunki wykonał K. Naumann i H. Bödecker].
246 1 _iTytuł oryginału:
_aAnschauliche Geometrie
260 _aWarszawa :
_bPaństwowe Wydawnictwo Naukowe,
_c1956.
300 _a319, [1] stron :
_bilustracje, errata ;
_c25 cm.
336 _aTekst
_btxt
_2rdacontent
337 _aBez urządzenia pośredniczącego
_bn
_2rdamedia
338 _aWolumin
_bnc
_2rdacarrier
380 _aKsiążki
388 _a1901-2000
504 _aIndeks.
521 8 _aKsiążka pomocnicza zatwierdzona przez Ministerstwo Szkolnictwa Wyższego.
658 _aMatematyka
650 7 _aGeometria
_2DBN
700 1 _aBödecker, H.
_eIlustracje
700 1 _aCohn-Vossen, Stephan
_d(1902-1936).
_eAutor
700 1 _aDawidowiczowa, Alina
_d(1918-2007).
_eTłumaczenie
700 1 _aNaumann, K.
_eIlustracje
710 2 _aPaństwowe Wydawnictwo Naukowe
_4pbl.
856 _uhttp://koha.tu.koszalin.pl/cgi-bin/koha/opac-detail.pl?biblionumber=14394
_yKatalog online BPK
942 _2UKD
_cKS
999 _c14394
_d14394